000 01763nam a2200517 i 4500
001 6941
003 KOSZ 005
005 20220311093655.0
008 980702s1995 pl f f |001 0 pol
015 _aPB 1996/8052
020 _a8386770007
035 _a991004130839705066
035 _a(PL-WaBN)b11096329-48omnis_nlop
035 _ab11096329
035 _a(OCoLC)749750095
035 _a(PL)b0000001109632
035 _a(EXLNZ-48OMNIS_NETWORK)9910323420305606
040 _aWA N
_cWA N
_dKOSZ 005/EC
041 _apol
080 _a37.01
080 _a(075.8)
100 1 _aPilch, Tadeusz
_d(1939- )
_eAutor
245 1 0 _aZasady badań pedagogicznych /
_cTadeusz Pilch.
250 _a(Wyd. 2 popr. i rozsz.) /
_brozdz. 4 oprac. Teresa Bauman, rozdz. 7 oprac. Andrzej Radźko.
260 _aWarszawa :
_b"Żak",
_c1995
_e(Warsz. :
_f"Exit").
300 _aS. [2], V-VIII, [2], 248 ;
_c21 cm.
336 _2rdacontent
_aTekst
_btxt
337 _2rdamedia
_aBez urządzenia pośredniczącego
_bn
338 _2rdacarrier
_aWolumin
_bnc
380 _aKsiążki
380 _aPublikacje dydaktyczne
385 _mPoziom nauczania
_aSzkoły wyższe
388 _a1901-2000
388 _a1989-2000
504 _aBibliogr. przy rozdz. - Indeksy.
650 7 _aPedagogika
_2DBN
650 7 _aMetodologia
655 7 _aPodręczniki akademickie
_2DBN
658 _aEdukacja i pedagogika
700 1 _aRadźko, Andrzej
_eOpracowanie
700 1 _aBauman, Teresa
_d(1955-2017)
_eAutor
710 2 _aŻak, Wydawnictwo Edukacyjne
_4pbl
856 _uhttp://koha.tu.koszalin.pl/cgi-bin/koha/opac-detail.pl?biblionumber=6941
_yKatalog online BPK
942 _2UKD
_cKS
999 _c6941
_d6941